Gaming Quiz

Random Gaming or Minecraft Quiz
Score 0/62 Timer 07:00
49 Plays Today
% Correct
Zombie
92.7%
Cow
91.4%
Ender Dragon
89.1%
Pig
88.3%
Wither
84.6%
Chicken
84%
Skeleton
83.3%
Spider
81.8%
Sheep
81.4%
Creeper
80.3%
Enderman
80%
Wolf
76.3%
Fish
75.8%
Villager
74.9%
Cat
74.7%
Ocelot
69.6%
Zombie Pigman
69.3%
Horse
69.1%
Ghast
62.5%
Blaze
62.2%
Pillager
59.4%
Bat
58.6%
Squid
58.3%
Wither Skeleton
57.8%
Iron Golem
57.8%
Slime
57.7%
Silverfish
55.5%
Bee
55.3%
Cave Spider
55%
Magma Cube
54.8%
Parrot
53.2%
% Correct
Rabbit
52.7%
Donkey
52.5%
Snow Golem
52.2%
Dolphin
51.6%
Llama
51.4%
Panda
49.7%
Witch
49.4%
Polar Bear
48.9%
Drowned
48.2%
Guardian
46.3%
Fox
45.8%
Mooshroom
44.2%
Zombie Villager
43.3%
Endermite
42.6%
Mule
42.4%
Turtle
41.4%
Shulker
40.9%
Phantom
39.3%
Spider Jockey
37.8%
Skeleton Horse
37.2%
Husks
36.6%
Elder Guardian
35.3%
Vex
35%
Ravager
34.4%
Vindicator
34.1%
Evoker
32.8%
Wandering Trader
32.6%
Strays
25.6%
Chicken Jockey
25.3%
Charged Creeper
22.5%
Skeleton Horseman
11.2%
Remove Ads.
Support Sporcle.
Get the best of Sporcle when you Go Orange. This ad-free experience offers more features, more stats, and more fun while also helping to support Sporcle. Thank you for becoming a member.

You're not logged in!

Compare scores with friends on all Sporcle quizzes.
OR
Log In

Sporcle TV

Today on Sporcle TV


Watch our educational content, quiz creation guides, and fun videos on Sporcle TV.

Show Comments

Extras

Top Quizzes Today


Score Distribution

Paid Content

Your Account Isn't Verified!

In order to create a playlist on Sporcle, you need to verify the email address you used during registration. Go to your Sporcle Settings to finish the process.

Report this User

Report this user for behavior that violates our Community Guidelines.

Details: